| 000 | 00611nam a2200181 i 4500 | ||
|---|---|---|---|
| 001 | 162470 | ||
| 003 | ES-MaACL | ||
| 005 | 20250903005841.0 | ||
| 008 | 991221s1880 sp |||| | spa d | ||
| 040 |
_aM-RACE _bspa _cM-RACE _dCCPB | B |
||
| 100 | 1 |
_aPortuondo y Barcelo, Antonio. _993306 |
|
| 245 | 1 | 0 |
_aEnsayo sobre el infinito / _cpor A. Portuondo. |
| 260 |
_aMadrid : _b[s.n.], _c1880 ( _fImprenta y estereotipia de Aribau y Cª) |
||
| 300 |
_aIX, 158 p., [2] h. pleg. ; _c17 cm. |
||
| 650 | 7 |
_aCálculo _2embne _910668 |
|
| 852 |
_aES-MaACL _jG-8833 _z-- Enc. pasta española |
||
| 999 |
_c162470 _d162470 |
||